LEADER 03332nam 2200541 450 001 9910168732203321 005 20230617015448.0 010 $a94-91431-38-2 035 $a(CKB)3710000000119981 035 $a(EBL)1696022 035 $a(SSID)ssj0001223905 035 $a(PQKBManifestationID)12475508 035 $a(PQKBTitleCode)TC0001223905 035 $a(PQKBWorkID)11232804 035 $a(PQKB)10723861 035 $a(MiAaPQ)EBC1696022 035 $a(EXLCZ)993710000000119981 100 $a20060125d2005 uy| 0 101 0 $aeng 135 $aur|n|---||||| 181 $ctxt 182 $cc 183 $acr 200 04$aThe Bakhtin circle and ancient narrative /$fedited by R. Bracht Branham 210 1$aGroningen :$cBarkhuis :$cGroningen University Library,$d2005. 215 $a1 online resource (377 p.) 225 1 $aAncient narrative. Supplementum,$x1568-3540 ;$v3 300 $aDescription based upon print version of record. 311 $a90-77922-00-8 320 $aIncludes bibliographical references and indexes. 327 $aGenre: theory and practice -- The poetics of genre: Bakhtin, Menippus, Petronius / R. Bracht Branham -- Plato's Symposium and Bakhtin's theory of the dialogical character of novelistic discourse / Kevin Corrigan & Elena Glazov-Corrigan -- Epic, novel, genre: Bakhtin and the question of history / Ahuvia Kahane -- Genre, aphorism, Herodotus / Gary Saul Morson -- Rereading Bakhtin on ancient fiction -- Dialogues in love: Bakhtin and his critics on the Greek novel / Tim Whitmarsh -- Below the belt: looking into the matter of adventure-time / Jennifer R. Ballengee -- Bakhtin and Chariton: a revisionist reading / Steven D. Smith -- The limits of polyphony: Dostoevsky to Petronius / Maria Plaza -- Centrifugal voices -- Kristeva's novel: genealogy, genre, and theory / Richard Fletcher -- Open bodies and closed minds? Persius' Saturae in the light of Bakhtin and Voloshinov / Francesca d'Alessandro Behr -- Bakhtin and the ideal ruler in 1-2 Chronicles and the Cyropaedia / Christine Mitchell -- Narrative, responsibility, realism / Francis Dunn. 330 $aMikhail Mikhailovich Bakhtin (1895-1975) has become a name to conjure with. We know this because he is now one of those thinkers everyone already knows-without necessarily having to read much of him! Doesn't everyone now know how polyphony functions, what carnival means, why language is dialogic but the novel more so, how chronotopes make possible any concrete artistic cognition and that utterances give rise to genres that last thousands of years, always the same but not the same? Like Marx and Freud in the twentieth century, or Plotinus and Plato in the fourth, a familiarity with Bakhtin's th 410 0$aAncient narrative.$pSupplementum ;$v3. 517 1 $aAncient narrative 606 $aGreek fiction$xHistory and criticism 606 $aLatin fiction$xHistory and criticism 615 0$aGreek fiction$xHistory and criticism. 615 0$aLatin fiction$xHistory and criticism. 686 $a18.43$2bcl 686 $a18.46$2bcl 702 $aBranham$b Robert Bracht 801 0$bMiAaPQ 801 1$bMiAaPQ 801 2$bMiAaPQ 906 $aBOOK 912 $a9910168732203321 996 $aBakhtin circle and ancient narrative$91089984 997 $aUNINA LEADER 05297nam 2200637 a 450 001 9910782762603321 005 20230118134110.0 010 $a1-84755-202-1 035 $a(CKB)1000000000704184 035 $a(EBL)1185348 035 $a(OCoLC)232637768 035 $a(SSID)ssj0000379254 035 $a(PQKBManifestationID)11272192 035 $a(PQKBTitleCode)TC0000379254 035 $a(PQKBWorkID)10366558 035 $a(PQKB)11487994 035 $a(MiAaPQ)EBC1185348 035 $a(Au-PeEL)EBL1185348 035 $a(CaPaEBR)ebr10621221 035 $a(PPN)198471815 035 $a(EXLCZ)991000000000704184 100 $a20040323d2004 uy 0 101 0 $aeng 135 $aur|n|---||||| 181 $ctxt 182 $cc 183 $acr 200 14$aThe chemistry of explosives$b[electronic resource] /$fJacqueline Akhavan 205 $a2nd ed. 210 $aCambridge, U.K. $cRoyal Society of Chemistry$d2004 215 $a1 online resource (192 p.) 225 0$aRSC paperbacks 300 $aDescription based upon print version of record. 311 $a0-85404-563-5 311 $a0-85404-640-2 320 $aIncludes bibliographical references and index. 327 $aCONTENTS; Chapter 1; Introduction to Explosives; Development of Blackpowder; Development of Nitroglycerine; Development of Mercury Fulminate; Development of Nitrocellulose; Development of Dynamite; Development of Ammonium Nitrate; Development of Commercial Explosives; Development of Permitted Explosives; Development of ANFO and Slurry Explosives; Development of Military Explosives; Development of Picric Acid; Development of Tetryl; Development of TNT; Development of Nitroguanidine; Development of PETN; Development of RDX and HMX; Polymer Bonded Explosives; Recent Developments 327 $aInsensitive MunitionsPollution Prevention; Chapter 2; Classification of Explosive Materials; Explosions; Atomic Explosions; Physical Explosions; Chemical Explosions; Chemical Explosives; Classification of Chemical Explosives; Primary Explosives; Secondary Explosives; Propellants; Chemical Data on Explosive Materials; Primary Explosives; Mercury Fulminate; Lead Azide; Lead Styphnate; Silver Azide; Tetrazene; Secondary Explosives; Nitroglycerine; Nitrocellulose; Picric Acid; Tetryl; TNT; Nitroguanidine; PETN; RDX; HMX; TATB; HNS; NTO; TNAZ; Other Compounds used in Explosive Compositions 327 $aChapter 3Combustion, Deflagration and Detonation; Combustion; Physical and Chemical Aspects of Combustion; Combustion of Explosives and Propellants; Deflagration; Detonation; Burning to Detonation; Shock to Detonation; Propagation of the Detonation Shockwave; Effect of Density on the Velocity of Detonation; Effect of Diameter of the Explosive Composition on theVelocity of Detonation; Effect of Explosive Material on the Velocity of Detonation; Classification of Explosives; Chapter 4; Ignition, Initiation and Thermal Decomposition; Ignition; Hotspots; Mechanisms for the Formation of Hotspots 327 $aIgnition by Impact and FrictionFriction; Impact; Classification of Explosives; Initiation Techniques; Explosive Train; Detonators; Igniters; Thermal Decomposition; Chapter 5; Thermochemistry of Explosives; Oxygen Balance; Decomposition Reactions; Kistiakowsky-Wilson Rules; Modified Kistiakowsky-Wilson Rules; Springall Roberts Rules; Heats of Formation; Heat of Explosion; Effect of Oxygen Balance; Volume of Gaseous Products of Explosion; Explosive Power and Power Index; Temperature of Chemical Explosion; Mixed Explosive Compositions; Atomic Composition of the Explosive Mixture; Oxygen Balance 327 $aDecomposition ReactionHeat of Explosion; Volume of Gaseous Products; Energized Explosives; Addition of Aluminium; Force and Pressure of Explosion; Chapter 6; Equilibria and Kinetics of Explosive Reactions; Equilibria; Products of Decomposition; The Water-Gas Equilibrium; Heat of Explosion; Temperature of Explosion; Kinetics of Explosive Reactions; Activation Energy; Rate of Reaction; Kinetics of Thermal Decomposition; Measurement of Kinetic Parameters; Differential Thermal Analysis; Thermogravimetric Analysis; Differential Scanning Calorimetry; Chapter 7; Manufacture of Explosives; Nitration 327 $aC-Nitration 330 $aRevised and expanded to reflect new developments in the field, this book outlines the basic principles required to understand the chemical processes of explosives. The Chemistry of Explosives provides an overview of the history of explosives, taking the reader to future developments. The text on the classification of explosive materials contains much data on the physical parameters of primary and secondary explosives. The explosive processes of deflagration and detonation, including the theory of 'hotspots' for the detonation process, are introduced and many examples are provided in the detail 410 0$aRSC Paperbacks 606 $aExplosives 615 0$aExplosives. 676 $a662.2 700 $aAkhavan$b Jacqueline$01544944 712 02$aRoyal Society of Chemistry (Great Britain) 801 0$bMiAaPQ 801 1$bMiAaPQ 801 2$bMiAaPQ 906 $aBOOK 912 $a9910782762603321 996 $aThe chemistry of explosives$93799531 997 $aUNINA